[Event "Brno Open 2023 - A IM Round Robin"]
[Site "Bobycentrum hotel, Brno"]
[Date "2023.11.11"]
[Round "1"]
[Board "1"]
[White "Gramb, Marius"]
[Black "Del Rey, Diego"]
[Result "1/2-1/2"]
[WhiteElo "2226"]
[BlackElo "2316"]
[PlyCount "46"]
[EventDate "2023.11.11"]
[EventRounds "9"]
[EventCountry "CZE"]

1. e4 c6 2. d4 d5 3. e5 Bf5 4. Nd2 e6 5. Nb3 Ne7 6. Nf3 Bg6 7. Be2 Nf5 8. O-O Nd7
9. c3 h5 10. a4 Be7 11. Ne1 h4 12. Nc2 Qc7 13. Ne3 O-O-O 14. f4 f6 15. Bg4 Rdf8 16.
Nxf5 Bxf5 17. Be3 g6 18. Nd2 Rfg8 19. c4 Bxg4 20. Qxg4 f5 21. Qe2 Kb8 22. Nf3 Qa5
23. c5 Qa6  1/2-1/2

[Event "Brno Open 2023 - A IM Round Robin"]
[Site "Bobycentrum hotel, Brno"]
[Date "2023.11.11"]
[Round "1"]
[Board "2"]
[White "Flasik, Radoslav"]
[Black "Adarsh, Tripathi"]
[Result "0-1"]
[WhiteElo "2032"]
[BlackElo "2327"]
[PlyCount "128"]
[EventDate "2023.11.11"]
[EventRounds "9"]
[EventCountry "CZE"]

1. d4 Nf6 2. c4 c5 3. d5 b5 4. cxb5 a6 5. b6 g6 6. Nc3 Bg7 7. e4 d6 8. Nf3 O-O 9.
h3 Qxb6 10. Be2 a5 11. O-O Ba6 12. Rb1 Bxe2 13. Qxe2 Qa6 14. Qc2 Nbd7 15. Bf4 a4
16. Bh2 Nb6 17. Rfe1 Rfd8 18. Rbd1 Qb7 19. Nd2 Nfd7 20. b3 axb3 21. axb3 Nb8 22.
e5 Na6 23. exd6 Nb4 24. Qe4 Bxc3 25. dxe7 Re8 26. d6 Qxe4 27. Nxe4 N4d5 28. Nxc3
Nxc3 29. Rd3 Ne2+ 30. Kf1 Nd4 31. b4 Ne6 32. Rxe6 c4 33. d7 Nxd7 34. Rxg6+ fxg6 35.
Rxd7 Kf7 36. g4 Rxe7 37. Rd4 Rc8 38. Bd6 Rd7 39. Rf4+ Ke6 40. Bc5 c3 41. Re4+ Kf7
42. Rf4+ Ke6 43. Re4+ Kd5 44. Rd4+ Kc6 45. Rxd7 Kxd7 46. Ke2 Ra8 47. Kd3 Ra3 48.
b5 Rb3 49. b6 Kc6 50. Be3 h5 51. Kc4 Rb1 52. Kxc3 Rh1 53. gxh5 gxh5 54. Kd3 Rxh3
55. Ke4 Rh4+ 56. Kf5 Rg4 57. f3 Rg2 58. Bg5 Kxb6 59. f4 Kc6 60. Kg6 h4 61. f5 h3
62. f6 Rf2 63. f7 Rxf7 64. Kxf7 h2  0-1

[Event "Brno Open 2023 - A IM Round Robin"]
[Site "Bobycentrum hotel, Brno"]
[Date "2023.11.11"]
[Round "1"]
[Board "3"]
[White "Fiala, Vaclav"]
[Black "Nguyen, Alex Dac-Vuong"]
[Result "0-1"]
[WhiteElo "2253"]
[BlackElo "2337"]
[PlyCount "98"]
[EventDate "2023.11.11"]
[EventRounds "9"]
[EventCountry "CZE"]

1. e4 c5 2. Nf3 d6 3. d4 cxd4 4. Nxd4 Nf6 5. Nc3 a6 6. Bc4 e6 7. Bb3 Nbd7 8. Be3
Nc5 9. Qe2 Nfxe4 10. Nxe4 Nxe4 11. O-O-O Nc5 12. Bc4 Qc7 13. Nf5 e5 14. Qf3 Be6 15.
Bxc5 Qxc5 16. Bxe6 fxe6 17. Qxb7 Rc8 18. Ne3 Be7 19. Rd3 Qc6 20. Qb3 d5 21. Rc3 Bc5
22. Ng4 e4 23. Ne5 Qd6 24. Qa4+ Ke7 25. f4 Rhd8 26. Rh3 h6 27. Re1 Rc7 28. Kb1 Rb8
29. a3 e3 30. Nd3 Ba7 31. Ne5 Rb5 32. Rg3 Kf8 33. Ka1 Rcb7 34. Nd3 Qc7 35. Rgxe3
Ra5 36. Qxa5 Qxa5 37. Rxe6 Bd4 38. Ka2 Bf6 39. g4 Re7 40. Nb4 Qb5 41. Rxe7 Bxe7 42.
Nd3 Bd6 43. b3 Qa5 44. a4 Qd2 45. Kb1 Bxf4 46. h4 Kf7 47. Kb2 a5 48. Kb1 g5 49. hxg5
hxg5  0-1

[Event "Brno Open 2023 - A IM Round Robin"]
[Site "Bobycentrum hotel, Brno"]
[Date "2023.11.11"]
[Round "1"]
[Board "4"]
[White "Krzywda, Andrzej"]
[Black "Valenta, Vit Vaclav"]
[Result "1-0"]
[WhiteElo "2195"]
[BlackElo "2030"]
[PlyCount "61"]
[EventDate "2023.11.11"]
[EventRounds "9"]
[EventCountry "CZE"]

1. e4 e5 2. Nf3 Nc6 3. Bb5 a6 4. Ba4 Nf6 5. O-O Be7 6. Re1 b5 7. Bb3 O-O 8. a4 b4
9. d4 d6 10. dxe5 Nxe5 11. Bf4 Ng6 12. Bg3 Bb7 13. Nbd2 Nh5 14. Nc4 Nxg3 15. hxg3
a5 16. e5 d5 17. Ne3 c6 18. Nf5 Bc5 19. Qd2 Qc7 20. c4 bxc3 21. bxc3 Rfe8 22. Bc2
Bf8 23. Rab1 Ba6 24. Qd4 Bc4 25. Qg4 Ba6 26. Qh5 Rad8 27. N5h4 Be7 28. e6 Bxh4 29.
gxh4 Nf8 30. Ng5 Nxe6 31. Qxh7+  1-0

[Event "Brno Open 2023 - A IM Round Robin"]
[Site "Bobycentrum hotel, Brno"]
[Date "2023.11.12"]
[Round "2"]
[Board "2"]
[White "Valenta, Vit Vaclav"]
[Black "Bures, Jaroslav"]
[Result "0-1"]
[WhiteElo "2030"]
[BlackElo "2421"]
[PlyCount "64"]
[EventDate "2023.11.11"]
[EventRounds "9"]
[EventCountry "CZE"]

1. e4 c5 2. Nc3 a6 3. a4 Nc6 4. g3 g6 5. Bg2 Bg7 6. Nge2 e6 7. O-O Nge7 8. d3 d5
9. exd5 exd5 10. Nf4 Nb4 11. Re1 O-O 12. Bd2 Qd6 13. Nfe2 Bg4 14. h3 Bxe2 15. Rxe2
Nf5 16. Bf4 Qd8 17. Re1 Nd4 18. Rc1 Qd7 19. Be3 Rfe8 20. Bd2 Rxe1+ 21. Bxe1 Re8 22.
Bd2 h5 23. Bf4 Ne6 24. Bd2 b6 25. Rb1 Nd4 26. Rc1 a5 27. b3 Qf5 28. Bf4 Ne6 29. Bd2
Bd4 30. Qf3 Qxf3 31. Bxf3 Bxc3 32. Bxc3 Na2  0-1

[Event "Brno Open 2023 - A IM Round Robin"]
[Site "Bobycentrum hotel, Brno"]
[Date "2023.11.12"]
[Round "2"]
[Board "3"]
[White "Nguyen, Alex Dac-Vuong"]
[Black "Krzywda, Andrzej"]
[Result "1-0"]
[WhiteElo "2337"]
[BlackElo "2195"]
[PlyCount "191"]
[EventDate "2023.11.11"]
[EventRounds "9"]
[EventCountry "CZE"]

1. e4 e5 2. Nf3 Nf6 3. Nxe5 d6 4. Nf3 Nxe4 5. c4 Nc6 6. Nc3 Nxc3 7. bxc3 Bf5 8. d4
Be7 9. Bd3 Qd7 10. O-O O-O 11. Rb1 b6 12. Rb5 Bg6 13. Re1 Rfe8 14. Bf1 Bf6 15. Rxe8+
Rxe8 16. Qa4 Re7 17. Qa6 Be4 18. Be3 Na5 19. Rb2 Qe8 20. Qxa7 h6 21. Nd2 Bf5 22.
Nb3 Nc6 23. Qa4 Bd7 24. Qa3 Rxe3 25. fxe3 Qxe3+ 26. Rf2 Qxc3 27. Rf3 Qe1 28. Qb2
Bg4 29. Qf2 Qd1 30. Rd3 Qb1 31. Re3 Bd7 32. Re1 Qg6 33. Be2 Bf5 34. a3 Bc2 35. Bf3
Ne7 36. Nc1 Bf5 37. Ne2 Qg5 38. Ng3 Qf4 39. Rd1 Bg6 40. Be4 Qg4 41. Qf3 Qe6 42. Bxg6
Nxg6 43. Qe2 Nf4 44. Qxe6 fxe6 45. Kf2 Kf7 46. Ne2 Ng6 47. Ke3 Ke7 48. Ke4 Kd7 49.
g3 Ne7 50. d5 exd5+ 51. cxd5 c6 52. dxc6+ Kxc6 53. Nd4+ Kd7 54. Rb1 Kc7 55. a4 d5+
56. Kd3 Ng6 57. Rb5 Ne5+ 58. Ke2 Nc4 59. Nc2 Nb2 60. Rb4 Nc4 61. Ne3 Nxe3 62. Kxe3
Kc6 63. Rb5 Bg5+ 64. Kd4 Bf6+ 65. Kd3 Be5 66. Rb1 Kc5 67. Re1 Bf6 68. Re6 Bb2 69.
h4 Bf6 70. h5 Bg5 71. Ke2 Bf6 72. Ke3 Bd4+ 73. Kf4 Bf6 74. Kf5 Bc3 75. Re7 Kc4 76.
Rd7 Bf6 77. g4 Bb2 78. Rd6 Kc5 79. Rd7 Bf6 80. Ke6 d4 81. Kf5 Kc6 82. Ke6 Kc5 83.
Rd6 Kc4 84. Kf5 Kc5 85. Ke6 Kc4 86. Rc6+ Kb3 87. Rxb6+ Kc2 88. Rc6+ Kb3 89. a5 d3
90. Rd6 Kc3 91. a6 Bd4 92. Rxd4 Kxd4 93. a7 Ke3 94. a8=Q d2 95. Qa1 Ke2 96. Kf7  1-0

[Event "Brno Open 2023 - A IM Round Robin"]
[Site "Bobycentrum hotel, Brno"]
[Date "2023.11.12"]
[Round "2"]
[Board "4"]
[White "Adarsh, Tripathi"]
[Black "Fiala, Vaclav"]
[Result "1-0"]
[WhiteElo "2327"]
[BlackElo "2253"]
[PlyCount "71"]
[EventDate "2023.11.11"]
[EventRounds "9"]
[EventCountry "CZE"]

1. e4 c5 2. Nf3 d6 3. d4 cxd4 4. Qxd4 Nc6 5. Qd2 Nf6 6. Nc3 a6 7. b3 b5 8. Bb2 Bb7
9. O-O-O e6 10. Qe1 Qc7 11. Kb1 Be7 12. Bd3 O-O 13. h4 Rfc8 14. h5 h6 15. g4 Nxg4
16. Rg1 Nge5 17. Nxe5 dxe5 18. Qe3 Bg5 19. Rxg5 hxg5 20. Qxg5 Qe7 21. Qg3 f6 22.
Ne2 Qf7 23. h6 Nb4 24. hxg7 Nxd3 25. cxd3 Qh5 26. Qe3 Rc7 27. Re1 Rxg7 28. Ng3 Qg4
29. Rh1 Rf8 30. Ba3 Rff7 31. Qb6 Rd7 32. Nf5 Qxf5 33. exf5 Bxh1 34. fxe6 Rxd3 35.
e7 Kf7 36. Qd8  1-0

[Event "Brno Open 2023 - A IM Round Robin"]
[Site "Bobycentrum hotel, Brno"]
[Date "2023.11.12"]
[Round "2"]
[Board "5"]
[White "Gramb, Marius"]
[Black "Flasik, Radoslav"]
[Result "1-0"]
[WhiteElo "2226"]
[BlackElo "2032"]
[PlyCount "109"]
[EventDate "2023.11.11"]
[EventRounds "9"]
[EventCountry "CZE"]

1. e4 c5 2. Nf3 d6 3. Bb5+ Nd7 4. a4 a6 5. Be2 Ngf6 6. Nc3 g6 7. a5 Bg7 8. O-O O-O
9. d3 b5 10. axb6 Qxb6 11. Qd2 Ne8 12. Nd5 Qd8 13. Qa5 Bb7 14. Qxd8 Rxd8 15. Nxe7+
Kh8 16. Nd5 Bxd5 17. exd5 Nc7 18. c4 Rb8 19. Ra2 Rfe8 20. Bd1 Ne5 21. Nxe5 Bxe5 22.
g3 f5 23. Kg2 Kg7 24. Ba4 Rf8 25. Re1 Rf7 26. f4 Bf6 27. Kf3 h6 28. h4 Re7 29. Rxe7+
Bxe7 30. Bd2 Bf6 31. Ba5 Ne8 32. Bxe8 Rxe8 33. Bc3 Bxc3 34. bxc3 Ra8 35. Ra5 Kf6
36. d4 Ke7 37. Ke3 Kd7 38. Kd3 cxd4 39. Kxd4 g5 40. c5 dxc5+ 41. Kxc5 gxf4 42. gxf4
h5 43. c4 Rc8+ 44. Kd4 Re8 45. Rxa6 Re4+ 46. Kc5 Rxf4 47. Ra7+ Kc8 48. Rf7 Kd8 49.
d6 Ke8 50. Rf6 Kd7 51. Kd5 Rxh4 52. Rf7+ Ke8 53. Rxf5 Rh1 54. Kc6 Rd1 55. Rxh5  1-0

[Event "Brno Open 2023 - A IM Round Robin"]
[Site "Bobycentrum hotel, Brno"]
[Date "2023.11.13"]
[Round "3"]
[Board "1"]
[White "Flasik, Radoslav"]
[Black "Del Rey, Diego"]
[Result "1-0"]
[WhiteElo "2032"]
[BlackElo "2316"]
[PlyCount "48"]
[EventDate "2023.11.11"]
[EventRounds "9"]
[EventCountry "CZE"]

1. d4 d5 2. c4 c6 3. Nc3 Nf6 4. e3 a6 5. cxd5 cxd5 6. Bd3 Nc6 7. Nf3 Bg4 8. h3 Bxf3
9. Qxf3 e5 10. dxe5 Nxe5 11. Qe2 Bc5 12. O-O O-O 13. Rd1 Qe7 14. b3 Rfe8 15. Bb2
Rad8 16. Rac1 Bd6 17. Bb1 Bb8 18. e4 d4 19. Nd5 Nxd5 20. exd5 Qd6 21. g3 Qxd5 22.
Be4 Qe6 23. Qh5 g6 24. Qh4 Qb6  1-0

[Event "Brno Open 2023 - A IM Round Robin"]
[Site "Bobycentrum hotel, Brno"]
[Date "2023.11.13"]
[Round "3"]
[Board "2"]
[White "Fiala, Vaclav"]
[Black "Gramb, Marius"]
[Result "1-0"]
[WhiteElo "2253"]
[BlackElo "2226"]
[PlyCount "141"]
[EventDate "2023.11.11"]
[EventRounds "9"]
[EventCountry "CZE"]

1. e4 e5 2. Nf3 Nc6 3. d4 exd4 4. Nxd4 Nf6 5. Nxc6 bxc6 6. e5 Qe7 7. Qe2 Nd5 8. c4
Ba6 9. b3 g6 10. Bb2 Bg7 11. g3 O-O 12. Bg2 Rfe8 13. O-O Bxe5 14. Qxe5 Qxe5 15. Bxe5
Rxe5 16. cxd5 Bxf1 17. Kxf1 cxd5 18. Nc3 c6 19. Rc1 Kf8 20. Na4 Rae8 21. Nc5 R8e7
22. Bf3 f5 23. Nd3 R5e6 24. Nf4 Re5 25. h4 Re8 26. b4 Rb8 27. Nd3 Ree8 28. Rc5 Rec8
29. Ra5 Rc7 30. Kg2 d6 31. Nf4 Kf7 32. a3 h6 33. Ne2 Rb5 34. Rxb5 cxb5 35. Bxd5+
Kf6 36. Nd4 a6 37. Nc6 Rc8 38. f4 g5 39. Kf2 gxh4 40. gxh4 Re8 41. Nd4 Re7 42. h5
Rc7 43. Nc6 Rg7 44. Bf3 Rg8 45. Nd4 Rg7 46. Ke3 Rg3 47. Ne2 Rg7 48. Kd4 Re7 49. Nc3
Re1 50. Bd1 Ke6 51. Bb3+ Kd7 52. Bc2 Ke6 53. Nd5 Ra1 54. Nc7+ Kf6 55. Ne8+ Ke7 56.
Ng7 Rxa3 57. Nxf5+ Kf6 58. Nxh6 Rg3 59. Nf5 Rf3 60. Ke4 Rc3 61. Ne3 Rc8 62. Ng4+
Kf7 63. Bb3+ Kg7 64. f5 Rc1 65. h6+ Kh7 66. f6 Re1+ 67. Kd5 Rf1 68. Kxd6 Rf4 69.
f7 Kg6 70. Ke7 Re4+ 71. Be6  1-0

[Event "Brno Open 2023 - A IM Round Robin"]
[Site "Bobycentrum hotel, Brno"]
[Date "2023.11.13"]
[Round "3"]
[Board "3"]
[White "Krzywda, Andrzej"]
[Black "Adarsh, Tripathi"]
[Result "1/2-1/2"]
[WhiteElo "2195"]
[BlackElo "2327"]
[PlyCount "92"]
[EventDate "2023.11.11"]
[EventRounds "9"]
[EventCountry "CZE"]

1. e4 c5 2. Nf3 Nc6 3. d4 cxd4 4. Nxd4 Nf6 5. Nc3 e6 6. Ndb5 Bb4 7. a3 Bxc3+ 8. Nxc3
d5 9. exd5 exd5 10. Bd3 O-O 11. O-O Bg4 12. f3 Bh5 13. Bg5 Qb6+ 14. Kh1 Ne4 15. Nxe4
dxe4 16. Bxe4 Qxb2 17. Qb1 Qb6 18. Qxb6 axb6 19. Rfb1 Bg6 20. Bxg6 hxg6 21. Rxb6
Nd4 22. c3 Nc2 23. Rc1 Nxa3 24. Rxb7 Rfc8 25. h3 Nc4 26. Bf4 Na5 27. Rc7 Rxc7 28.
Bxc7 Nc4 29. Bh2 Rc8 30. Bg1 Nd6 31. Bf2 f6 32. Kg1 Kf7 33. Kf1 g5 34. Ke2 Nc4 35.
Bd4 Re8+ 36. Kf2 Nb2 37. Ra1 Kg6 38. Kf1 Re6 39. Rb1 Nd3 40. Rd1 Nf4 41. Bf2 Rc6
42. Be1 Ra6 43. Bf2 Ra2 44. c4 Rc2 45. c5 Ne6 46. Re1 Nxc5  1/2-1/2

[Event "Brno Open 2023 - A IM Round Robin"]
[Site "Bobycentrum hotel, Brno"]
[Date "2023.11.13"]
[Round "3"]
[Board "4"]
[White "Bures, Jaroslav"]
[Black "Nguyen, Alex Dac-Vuong"]
[Result "1/2-1/2"]
[WhiteElo "2421"]
[BlackElo "2337"]
[PlyCount "30"]
[EventDate "2023.11.11"]
[EventRounds "9"]
[EventCountry "CZE"]

1. c4 Nf6 2. Nf3 c5 3. g3 d5 4. cxd5 Nxd5 5. Bg2 Nc6 6. d4 cxd4 7. Nxd4 Ndb4 8. Nxc6
Qxd1+ 9. Kxd1 Nxc6 10. Bxc6+ bxc6 11. Be3 e5 12. f3 Be6 13. Ke1 h5 14. h4 Be7 15.
Kf2 O-O  1/2-1/2

[Event "Brno Open 2023 - A IM Round Robin"]
[Site "Bobycentrum hotel, Brno"]
[Date "2023.11.13"]
[Round "3"]
[Board "5"]
[White "Vyskocil, Neklan"]
[Black "Valenta, Vit Vaclav"]
[Result "1-0"]
[WhiteElo "2299"]
[BlackElo "2030"]
[PlyCount "51"]
[EventDate "2023.11.11"]
[EventRounds "9"]
[EventCountry "CZE"]

1. e4 c5 2. Nf3 e6 3. Nc3 Nc6 4. Bb5 Nd4 5. Nxd4 cxd4 6. Ne2 a6 7. Bd3 e5 8. c3 dxc3
9. dxc3 Nf6 10. Bg5 Be7 11. Bxf6 Bxf6 12. Bc4 O-O 13. O-O b5 14. Bd5 Rb8 15. Qd3
Qb6 16. Rad1 a5 17. Rfe1 Be7 18. Qg3 Qf6 19. Nc1 Bc5 20. Nd3 Bd6 21. Re3 Bc7 22.
Rf3 Qg6 23. Qh4 Bd8 24. Rxf7 Bb7 25. Rxf8+ Kxf8 26. Qh3  1-0

[Event "Brno Open 2023 - A IM Round Robin"]
[Site "Bobycentrum hotel, Brno"]
[Date "2023.11.14"]
[Round "4"]
[Board "1"]
[White "Del Rey, Diego"]
[Black "Valenta, Vit Vaclav"]
[Result "1-0"]
[WhiteElo "2316"]
[BlackElo "2030"]
[PlyCount "87"]
[EventDate "2023.11.11"]
[EventRounds "9"]
[EventCountry "CZE"]

1. d4 Nf6 2. Nf3 d6 3. c4 Nbd7 4. Nc3 e5 5. Bg5 Be7 6. e3 O-O 7. Qc2 exd4 8. Nxd4
Ne5 9. O-O-O h6 10. Bh4 Ng6 11. Bg3 Nh5 12. Be2 Nxg3 13. hxg3 Bf6 14. Kb1 Bd7 15.
Rd2 Qc8 16. Nd5 Bxd4 17. Rxd4 Bf5 18. e4 Be6 19. Ne3 Ne7 20. g4 Rd8 21. f4 c5 22.
Rd2 f6 23. g5 hxg5 24. fxg5 Nc6 25. gxf6 Nd4 26. Qd1 gxf6 27. Bd3 Qd7 28. Qh5 Qg7
29. Rf2 Rd7 30. g4 Rf8 31. g5 fxg5 32. Rg2 Nf3 33. Be2 Nd2+ 34. Ka1 Nxe4 35. Bd3
Nf6 36. Qh2 Kf7 37. Nf5 Bxf5 38. Bxf5 Rdd8 39. Qg1 Rg8 40. Qe3 Kf8 41. Rf1 Qe7 42.
Qf3 Rg7 43. Re2 g4 44. Bxg4  1-0

[Event "Brno Open 2023 - A IM Round Robin"]
[Site "Bobycentrum hotel, Brno"]
[Date "2023.11.14"]
[Round "4"]
[Board "2"]
[White "Nguyen, Alex Dac-Vuong"]
[Black "Vyskocil, Neklan"]
[Result "1-0"]
[WhiteElo "2337"]
[BlackElo "2299"]
[PlyCount "143"]
[EventDate "2023.11.11"]
[EventRounds "9"]
[EventCountry "CZE"]

1. e4 c5 2. Nf3 Nc6 3. d4 cxd4 4. Nxd4 e6 5. Nb5 d6 6. c4 a6 7. N5c3 Nf6 8. Be3 Be7
9. Be2 O-O 10. O-O e5 11. Na3 Be6 12. Qd2 Rc8 13. Rac1 h6 14. Nc2 Kh7 15. Rfd1 Nb8
16. b3 Nbd7 17. f3 Qa5 18. b4 Qc7 19. Na3 Rfd8 20. Bf1 Qb8 21. Qf2 Qa8 22. Nd5 Bxd5
23. cxd5 b5 24. Nb1 Rxc1 25. Rxc1 Rc8 26. Rxc8 Qxc8 27. a4 bxa4 28. Qa2 Bd8 29. Qxa4
Nb8 30. Nd2 Qc3 31. Kf2 a5 32. b5 Nfd7 33. Nc4 Nc5 34. Qa2 Nb7 35. Bd2 Qd4+ 36. Be3
Qc3 37. Be2 Bg5 38. Ba7 Nd7 39. Qb2 Qxb2 40. Nxb2 Ndc5 41. Nc4 Nb3 42. Bd1 a4 43.
Bxb3 axb3 44. Bb6 Bc1 45. Ke2 b2 46. Na3 Kg6 47. Kd1 f5 48. Kc2 fxe4 49. fxe4 Kg5
50. Nc4 Kf4 51. Na5 Nxa5 52. Bxa5 Be3 53. b6 Bxb6 54. Bxb6 Kxe4 55. Kxb2 Kxd5 56.
Bc7 Ke6 57. Kc3 d5 58. g4 g6 59. Kb4 h5 60. h3 hxg4 61. hxg4 e4 62. Kc5 e3 63. Kd4
e2 64. Ba5 Kf6 65. Bd8+ Ke6 66. Bh4 Kd6 67. Kd3 Ke5 68. Bg3+ Kf6 69. Kxe2 Kg5 70.
Kf3 d4 71. Bf2 d3 72. Be1  1-0

[Event "Brno Open 2023 - A IM Round Robin"]
[Site "Bobycentrum hotel, Brno"]
[Date "2023.11.14"]
[Round "4"]
[Board "4"]
[White "Gramb, Marius"]
[Black "Krzywda, Andrzej"]
[Result "0-1"]
[WhiteElo "2226"]
[BlackElo "2195"]
[PlyCount "92"]
[EventDate "2023.11.11"]
[EventRounds "9"]
[EventCountry "CZE"]

1. e4 e5 2. Nf3 Nf6 3. d4 Nxe4 4. Bd3 d5 5. Nxe5 Bd6 6. O-O O-O 7. c4 c5 8. cxd5
Nf6 9. Bg5 cxd4 10. f4 Be7 11. Nd2 Nxd5 12. Qh5 g6 13. Qh4 Nc6 14. Ndf3 f6 15. Nxg6
fxg5 16. Nxg5 Bxg5 17. fxg5 hxg6 18. Bxg6 Rxf1+ 19. Rxf1 Qc7 20. Bf7+ Qxf7 21. Rxf7
Kxf7 22. Qh7+ Ke6 23. Qg8+ Kd6 24. g6 Nde7 25. Qh8 Rb8 26. g7 Be6 27. Qh6 Nf5 28.
Qf4+ Kd7 29. b4 a6 30. a4 b5 31. g4 Nxg7 32. a5 Ne8 33. h4 Nc7 34. h5 Nd5 35. Qh6
Ne5 36. Qg7+ Kd6 37. Kf1 Rc8 38. g5 Rc1+ 39. Kf2 Rc2+ 40. Kg3 Rc3+ 41. Kf2 Nd3+ 42.
Ke2 Rc2+ 43. Kf3 Ne5+ 44. Ke4 Bf5+ 45. Kxf5 Rf2+ 46. Ke4 Rf4#  0-1

[Event "Brno Open 2023 - A IM Round Robin"]
[Site "Bobycentrum hotel, Brno"]
[Date "2023.11.14"]
[Round "4"]
[Board "5"]
[White "Flasik, Radoslav"]
[Black "Fiala, Vaclav"]
[Result "1-0"]
[WhiteElo "2032"]
[BlackElo "2253"]
[PlyCount "77"]
[EventDate "2023.11.11"]
[EventRounds "9"]
[EventCountry "CZE"]

1. d4 Nf6 2. c4 c5 3. d5 b5 4. cxb5 a6 5. e3 g6 6. Nc3 Bg7 7. a4 O-O 8. Nf3 Bb7 9.
Ra3 e6 10. dxe6 fxe6 11. Be2 d5 12. O-O a5 13. Qc2 Nbd7 14. Rd1 Qe7 15. e4 Nxe4 16.
Nxe4 dxe4 17. Ng5 Bd4 18. Nxe4 Qh4 19. Bf3 Bxe4 20. Qxe4 Qxf2+ 21. Kh1 Rae8 22. Be3
Qxb2 23. Raa1 e5 24. Rab1 Qc2 25. Qb7 Nf6 26. Bg5 Qxa4 27. Bxf6 Rxf6 28. Bd5+ Kh8
29. Bb3 Qa3 30. Qd5 e4 31. Rf1 Bf2 32. b6 e3 33. Bc4 Rff8 34. b7 Qc3 35. Rfd1 Rb8
36. Rb6 Qg7 37. g3 Qc7 38. Rb5 Rfd8 39. Qxd8+  1-0

[Event "Brno Open 2023 - A IM Round Robin"]
[Site "Bobycentrum hotel, Brno"]
[Date "2023.11.14"]
[Round "5"]
[Board "1"]
[White "Fiala, Vaclav"]
[Black "Del Rey, Diego"]
[Result "0-1"]
[WhiteElo "2253"]
[BlackElo "2316"]
[PlyCount "122"]
[EventDate "2023.11.11"]
[EventRounds "9"]
[EventCountry "CZE"]

1. e4 e6 2. d4 d5 3. e5 c5 4. c3 Qb6 5. Nf3 Bd7 6. Be2 Bb5 7. O-O Bxe2 8. Qxe2 Qa6
9. Qd1 cxd4 10. cxd4 Nc6 11. Nc3 Nge7 12. a4 Ng6 13. h4 Bb4 14. h5 Nge7 15. Nb5 Qa5
16. Bd2 O-O 17. Bxb4 Qxb4 18. Qd3 h6 19. Ra3 Na5 20. Ne1 Qxb2 21. Nd6 Nc8 22. Nf3
Qb6 23. Rb1 Qc7 24. Rc3 Qd7 25. Qc2 Nxd6 26. Rc7 Qd8 27. exd6 Qxd6 28. Ne5 Nc6 29.
Rd7 Nxd4 30. Rxd6 Nxc2 31. Rxb7 Rad8 32. Rc6 Rc8 33. Ra6 Nd4 34. Raxa7 Nc6 35. Nxc6
Rxc6 36. a5 d4 37. Rd7 e5 38. f4 exf4 39. Rxd4 Rc5 40. Rxf4 Rxh5 41. Ra4 Rb8 42.
a6 Rb1+ 43. Kf2 Rb2+ 44. Kf3 Rb3+ 45. Kf2 Rb2+ 46. Kf3 Rb3+ 47. Kf2 Rb2+ 48. Kf3
Rf5+ 49. Ke4 Rg5 50. Kf3 Rbxg2 51. Ra1 Rg1 52. Ra4 Rf5+ 53. Ke2 Rg2+ 54. Ke3 Rh5
55. Kf3 Rhg5 56. Ra1 Rg1 57. Ra4 Rd5 58. Ke2 Rgg5 59. Rb7 Ra5 60. Rbb4 Rg2+ 61. Kf3
Ra2  0-1

[Event "Brno Open 2023 - A IM Round Robin"]
[Site "Bobycentrum hotel, Brno"]
[Date "2023.11.14"]
[Round "5"]
[Board "2"]
[White "Krzywda, Andrzej"]
[Black "Flasik, Radoslav"]
[Result "1-0"]
[WhiteElo "2195"]
[BlackElo "2032"]
[PlyCount "115"]
[EventDate "2023.11.11"]
[EventRounds "9"]
[EventCountry "CZE"]

1. e4 c5 2. Nf3 d6 3. d4 cxd4 4. Nxd4 Nf6 5. Nc3 Nc6 6. Bg5 e6 7. Qd2 a6 8. O-O-O
Bd7 9. Kb1 b5 10. Nxc6 Bxc6 11. f3 Be7 12. h4 h6 13. Be3 h5 14. Ne2 Qc7 15. Nd4 Bd7
16. Bd3 Rc8 17. Rhe1 b4 18. Rc1 Qb7 19. Qe2 Ra8 20. c4 g6 21. Bg5 Qb6 22. Nb3 e5
23. Be3 Qb8 24. c5 dxc5 25. Nxc5 O-O 26. Nxd7 Nxd7 27. g4 Bxh4 28. Rh1 g5 29. gxh5
Kh8 30. Qd2 Qd6 31. Rcd1 Qe7 32. Bc4 Rad8 33. Qd6 Qxd6 34. Rxd6 Nb8 35. Rhd1 Rc8
36. b3 Kg7 37. Rb6 Rc7 38. Rxb4 Kh6 39. Rb6+ Kxh5 40. Rdd6 f6 41. Rxf6 Rxf6 42. Rxf6
Be1 43. Rf5 Nc6 44. Rxg5+ Kh4 45. Rg1 Bc3 46. Bxa6 Nd4 47. Bxd4 Bxd4 48. Rg4+ Kh3
49. Bf1+ Kh2 50. Bc4 Ra7 51. a4 Bc3 52. Kc2 Bb4 53. Rg5 Re7 54. Kd3 Rd7+ 55. Bd5
Rc7 56. Rxe5 Rc3+ 57. Kd4 Rxf3 58. Kc4  1-0

[Event "Brno Open 2023 - A IM Round Robin"]
[Site "Bobycentrum hotel, Brno"]
[Date "2023.11.14"]
[Round "5"]
[Board "3"]
[White "Bures, Jaroslav"]
[Black "Gramb, Marius"]
[Result "1/2-1/2"]
[WhiteElo "2421"]
[BlackElo "2226"]
[PlyCount "38"]
[EventDate "2023.11.11"]
[EventRounds "9"]
[EventCountry "CZE"]

1. e4 e5 2. Bc4 Nc6 3. Nf3 Bc5 4. c3 Nf6 5. d4 exd4 6. e5 d5 7. Bb5 Ne4 8. cxd4 Bb6
9. Be3 O-O 10. O-O Bg4 11. Qc1 Bd7 12. Bxc6 Bxc6 13. a4 a5 14. Nc3 Qe8 15. Qc2 Rd8
16. h3 Kh8 17. Rfe1 f6 18. exf6 gxf6 19. Ne2 Bd7  1/2-1/2

[Event "Brno Open 2023 - A IM Round Robin"]
[Site "Bobycentrum hotel, Brno"]
[Date "2023.11.14"]
[Round "5"]
[Board "4"]
[White "Vyskocil, Neklan"]
[Black "Adarsh, Tripathi"]
[Result "1/2-1/2"]
[WhiteElo "2299"]
[BlackElo "2327"]
[PlyCount "32"]
[EventDate "2023.11.11"]
[EventRounds "9"]
[EventCountry "CZE"]

1. e4 c5 2. Nf3 e6 3. d4 cxd4 4. Nxd4 Nf6 5. Nc3 Nc6 6. Bf4 Bb4 7. Nxc6 bxc6 8. Bd3
d5 9. exd5 exd5 10. Qe2+ Be6 11. O-O O-O 12. Qf3 Bd6 13. h3 Rb8 14. b3 c5 15. Bxd6
Qxd6 16. Rad1 d4  1/2-1/2

[Event "Brno Open 2023 - A IM Round Robin"]
[Site "Bobycentrum hotel, Brno"]
[Date "2023.11.14"]
[Round "5"]
[Board "5"]
[White "Valenta, Vit Vaclav"]
[Black "Nguyen, Alex Dac-Vuong"]
[Result "0-1"]
[WhiteElo "2030"]
[BlackElo "2337"]
[PlyCount "40"]
[EventDate "2023.11.11"]
[EventRounds "9"]
[EventCountry "CZE"]

1. Nf3 Nf6 2. c4 e6 3. b3 c5 4. Bb2 Nc6 5. g3 d5 6. cxd5 exd5 7. Bg2 d4 8. d3 Be7
9. O-O O-O 10. Na3 Re8 11. Qd2 Bf5 12. Nc4 Bf8 13. Rfe1 Qd7 14. a4 Rad8 15. Rad1
h6 16. Qc1 Qc7 17. Ba3 b6 18. Ncd2 Nd5 19. Bb2 Ncb4 20. Nxd4 cxd4  0-1

[Event "Brno Open 2023 - A IM Round Robin"]
[Site "Bobycentrum hotel, Brno"]
[Date "2023.11.15"]
[Round "6"]
[Board "1"]
[White "Del Rey, Diego"]
[Black "Nguyen, Alex Dac-Vuong"]
[Result "0-1"]
[WhiteElo "2316"]
[BlackElo "2337"]
[PlyCount "110"]
[EventDate "2023.11.11"]
[EventRounds "9"]
[EventCountry "CZE"]

1. d4 Nf6 2. Nf3 e6 3. Bf4 c5 4. e3 d5 5. c3 Bd6 6. Bg3 O-O 7. Nbd2 b6 8. Ne5 Bb7
9. Bd3 Nc6 10. O-O Qc7 11. f4 Ne7 12. Qf3 Nf5 13. Bf2 Be7 14. Rad1 Nd6 15. Qh3 Nfe4
16. Bh4 Bxh4 17. Qxh4 f6 18. Ng4 c4 19. Bc2 b5 20. Rf3 Nf5 21. Qe1 a5 22. Rh3 Qe7
23. Nf2 Nfd6 24. Nfxe4 dxe4 25. Qh4 g6 26. g4 b4 27. g5 f5 28. Qe1 Rab8 29. Ba4 Rfc8
30. Rb1 Bc6 31. Qd1 Qd7 32. Bc2 Rb6 33. Rg3 Qb7 34. Rg2 Rb8 35. Ra1 Bd5 36. Qc1 Ra6
37. Ba4 Bc6 38. Bd1 bxc3 39. bxc3 Qb2 40. Rf2 Rab6 41. Qxb2 Rxb2 42. Kf1 Nb5 43.
Ba4 Nxd4 44. Bxc6 Nxc6 45. Nxc4 R2b5 46. Na3 Rd5 47. Rc2 Rd3 48. Ke2 e5 49. Rf1 exf4
50. exf4 Ne7 51. Rb1 Rbd8 52. Rb7 Nd5 53. Nb5 Nxf4+ 54. Kf2 Rf3+ 55. Ke1 Nd3+  0-1